书目信息 |
| 题名: |
中国建筑材料工业鉴 1996
|
|
| 作者: | 陈福广 主编 | |
| 分册: | ||
| 出版信息: | 北京 中国建筑材料工业年鉴社 |
|
| 页数: | 283页 | |
| 开本: | 16开 | |
| 丛书名: | ||
| 单 册: | ||
| 中图分类: | TU5-54 | |
| 科图分类: | ||
| 主题词: | 建筑材料 | |
| 电子资源: | ||
| ISBN: | ||
| 000 | 00565nam0 2200193 45 | |
| 001 | 0007180502 | |
| 005 | 20000718051714.8 | |
| 010 | @d100.00元 | |
| 100 | @a20000718d km y0chiy0120 ea | |
| 101 | 0 | @achi |
| 105 | @a z 000yy | |
| 200 | 1 | @a中国建筑材料工业鉴 1996@AZhong Guo Jian Zhu Cai Liao Gong Ye Jian 1996@f陈福广 主编@FChen Fu Guang Zhu Bian |
| 210 | @a北京@c中国建筑材料工业年鉴社 | |
| 215 | @a283页@d16开 | |
| 606 | 0 | @a建筑材料 |
| 690 | @aTU5-54@v3 | |
| 701 | 0 | @a陈福广@4主编 |
| 801 | @aCN@bPftUser@c20000718 | |
| 905 | @b74863-864@dTU5-54@eCH266@f2 | |
| 中国建筑材料工业鉴 1996/陈福广 主编.-北京:中国建筑材料工业年鉴社 |
| 283页;16开 |
| ISBN :100.00元 |
| ● |
| 相关链接 |
|
|
|
正题名:中国建筑材料工业鉴1996
索取号:TU5-54/CH266
 
预约/预借
| 序号 | 登录号 | 条形码 | 馆藏地/架位号 | 状态 | 备注 |
| 1 | 74863 | 200748637 | 建筑库201/201建筑库 3排4列4层/ [索取号:TU5-54/CH266] | 在馆 | |
| 2 | 74864 | 200748646 | 建筑库201/201建筑库 3排4列4层/ [索取号:TU5-54/CH266] | 在馆 |